[Event "24th EY BU14 2014"]
[Site "Batumi GEO"]
[Date "2014.10.23"]
[Round "5.38"]
[White "Koridze,Luka"]
[Black "Parvanyan,Ashot"]
[Result "0-1"]
[WhiteElo "1492"]
[BlackElo "1942"]

1.d4 Nf6 2.c4 c5 3.d5 e6 4.Nc3 exd5 5.cxd5 d6 6.Nf3 g6 7.e4 Bg7 8.Bb5+ Bd7
9.Bxd7+ Nbxd7 10.O-O O-O 11.Bf4 Qe7 12.Re1 Ng4 13.Qd2 a6 14.h3 Nge5 15.Nxe5 Nxe5
16.Rab1 b5 17.Bh6 c4 18.Bxg7 Kxg7 19.Qd4 Qf6 20.Qe3 Nd3 21.Rf1 Rfe8 22.a3 Rab8
23.Ne2 Nxb2 24.Nd4 Nd3 25.Nc6 Rb7 26.f4 Nc5 27.e5 Qf5 28.Rbd1 Qe4 29.Qg3 Nd3
30.Qg5 Qxd5 31.f5 Qxc6 32.f6+ Kh8 33.Qh6 Rg8  0-1

[Event "24th EY BU18 2014"]
[Site "Batumi GEO"]
[Date "2014.10.24"]
[Round "6.18"]
[White "Soysal,Serkan"]
[Black "Monjac,M"]
[Result "1/2-1/2"]
[WhiteElo "2245"]
[BlackElo "2139"]

1.Nf3 Nf6 2.d4 e6 3.c4 c5 4.d5 d6 5.Nc3 exd5 6.cxd5 g6 7.Nd2 Nbd7 8.g3 Bg7
9.Bg2 O-O 10.O-O a6 11.Nc4 Nb6 12.Ne3 Bd7 13.a4 Rb8 14.a5 Nc8 15.Nc4 Bb5
16.Qb3 Bxc4 17.Qxc4 b5 18.axb6 Nxb6 19.Qd3 Qc8 20.Bf4 Rd8 21.Rfb1 c4 22.Qd2 Ne8
23.Bg5 f6 24.Be3 Nd7 25.Ra4 Nb6 26.Ra5 Nc7 27.Na2 Nb5 28.Nc3 Nc7 29.Bd4 Nd7
30.Rba1 Nb5 31.Be3 Nc5 32.Bxc5 Qxc5 33.Rxa6 f5 34.Na4 Qd4 35.Qxd4 Nxd4 36.Bf1 Rb4
37.Kg2 Nb5 38.Ra2 Nc7 39.Ra5 Ra8 40.Rxa8+ Nxa8 41.b3  1/2-1/2

[Event "14th Sautron Open 2014"]
[Site "Sautron FRA"]
[Date "2014.10.25"]
[Round "1.10"]
[White "Terrieux,K"]
[Black "Richard,E"]
[Result "1-0"]
[WhiteElo "2409"]
[BlackElo "2081"]

1.d4 Nf6 2.c4 e6 3.Nc3 c5 4.d5 exd5 5.cxd5 d6 6.Nf3 g6 7.Nd2 Bh6 8.Nc4 Bxc1
9.Qxc1 O-O 10.Qf4 Na6 11.Qxd6 Nb4 12.Rc1 Nfxd5 13.Nxd5 Nxd5 14.e4 Qg5 15.Rd1 Nb4
16.f4 Qh4+ 17.g3 Qh5 18.Be2 Qh3 19.Kf2 b6 20.Ne5 Qe6 21.Bc4 Qxd6 22.Rxd6 Be6
23.Bxe6 fxe6 24.Rhd1 Nc2 25.Rxe6 Nd4 26.Re7 g5 27.Nd7 Rf7 28.Rxf7 Kxf7 29.Ne5+ Ke6
30.Nf3 gxf4 31.gxf4 Nxf3 32.Kxf3 Rg8 33.f5+ Ke7 34.e5 Rg5 35.Kf4 Rg2 36.f6+ Ke8
37.Kf5 Rxh2 38.Ke6 Rh6 39.Rd7 a5 40.Ra7 Kd8 41.Kf7  1-0

[Event "24th EY BU16 2014"]
[Site "Batumi GEO"]
[Date "2014.10.26"]
[Round "7.2"]
[White "Stremavicius,T"]
[Black "Vavulin,M"]
[Result "1-0"]
[WhiteElo "2370"]
[BlackElo "2431"]

1.d4 Nf6 2.c4 c5 3.d5 e6 4.Nc3 exd5 5.cxd5 d6 6.Nf3 g6 7.Nd2 Bg7 8.e4 O-O
9.Be2 Re8 10.O-O Na6 11.f3 Nc7 12.a4 b6 13.Nc4 Ba6 14.Bg5 Qd7 15.Kh1 Rab8
16.Qd2 Bxc4 17.Bxc4 a6 18.Be2 h5 19.Ra3 Nh7 20.Be3 Qe7 21.Rb1 Be5 22.b4 Qh4
23.Bg1 Nf6 24.bxc5 bxc5 25.Rab3 Rxb3 26.Rxb3 Kg7 27.Bf1 Bf4 28.Qf2 Qxf2 29.Bxf2 Bd2
30.Bg3 Rd8 31.Na2 Kf8 32.Bc4 Ke7 33.Rb2 Be3 34.Rb7 Rd7 35.Be1 Nfe8 36.Ba5 f5
37.exf5 gxf5 38.g3 h4 39.Kg2 hxg3 40.hxg3 f4 41.g4 Kf6 42.Bxa6 Ke5 43.Bb5 Rg7
44.Nc3 Nxd5 45.Rb8 Nef6 46.Ne2 Ra7 47.Be1 c4 48.Bxc4 Rxa4 49.Bb3 Ra1 50.Bh4 Ba7
51.Rf8 Ne3+ 52.Kh2 Nfxg4+ 53.fxg4 Nxg4+ 54.Kh3 Nf2+ 55.Kg2 Ne4 56.Re8+ Kf5
57.Be6+ Kg6 58.Nxf4+ Kh6 59.Bd5 Rg1+ 60.Kh2 Ng5 61.Rh8+ Nh7 62.Be4 Rg7 63.Ne6 Rf7
64.Bg5+ Kh5 65.Rxh7+ Rxh7 66.Bxh7 Kg4 67.Be4 Bf2 68.Kg2 Be1 69.Be3 Bb4 70.Ng7  1-0

[Event "14th Sautron Open 2014"]
[Site "Sautron FRA"]
[Date "2014.10.27"]
[Round "4.1"]
[White "Barbot,Pi1"]
[Black "Lagarde,Max"]
[Result "1/2-1/2"]
[WhiteElo "2440"]
[BlackElo "2566"]

1.d4 Nf6 2.c4 c5 3.d5 e6 4.Nc3 exd5 5.cxd5 d6 6.Nf3 g6 7.Bf4 Bg7 8.Qa4+ Bd7
9.Qb3 b5 10.Bxd6 Qb6 11.Be5 O-O 12.e3 c4 13.Qb4 a5 14.Qd6 Qb7 15.Rd1 Ra6
16.Qc5 b4 17.Nb1 Rc8 18.Qd4  1/2-1/2

[Event "14th Sautron Open 2014"]
[Site "Sautron FRA"]
[Date "2014.10.28"]
[Round "5.7"]
[White "Dumitrache,D"]
[Black "Stephan,V"]
[Result "1/2-1/2"]
[WhiteElo "2413"]
[BlackElo "2331"]

1.d4 Nf6 2.c4 c5 3.d5 e6 4.Nc3 exd5 5.cxd5 d6 6.Nf3 g6 7.Bf4 Bg7 8.h3 O-O
9.e3 a6 10.a4 Qe7 11.Nd2 Nbd7 12.Be2 Ne8 13.O-O f5 14.Nc4 Ne5 15.Bxe5 Bxe5
16.Qd2 Rb8 17.Rab1 Nf6 18.Nxe5 Qxe5 19.b4 Nd7 20.a5 cxb4 21.Na4 Nc5 22.Rxb4 Nxa4
23.Rxa4 b5 24.axb6 Rxb6 25.Qa5 Qb2 26.Bd3 Bd7 27.Ra2 Qb4 28.Qxb4 Rxb4 29.Rxa6 Rf6
30.Rc1 Rb7 31.Ra8+ Rf8 32.Ba6 Rxa8 33.Bxb7 Ra7 34.Rc7 Be8 35.Rc8 Rxb7 36.Rxe8+ Kf7
37.Re6 Rb6 38.Kh2 Ra6 39.g4 fxg4 40.hxg4  1/2-1/2

[Event "18th OIBM 2014"]
[Site "Bad Wiessee GER"]
[Date "2014.11.01"]
[Round "8.12"]
[White "Wagner,De"]
[Black "Morawietz,D"]
[Result "1/2-1/2"]
[WhiteElo "2501"]
[BlackElo "2395"]

1.d4 Nf6 2.c4 e6 3.Nf3 c5 4.d5 exd5 5.cxd5 d6 6.Nc3 g6 7.Bf4 a6 8.a4 Bg7
9.h3 O-O 10.e3 Ne8 11.Be2 Nd7 12.O-O Qe7 13.Nd2 f5 14.Re1 Rb8 15.a5 Ne5 16.Qb3 Nc7
17.Bh2 Bd7 18.f4 Nf7 19.Bd3 Qd8 20.Kh1 Kh8 21.e4 fxe4 22.Ndxe4 b5 23.axb6 Nb5
24.Rxa6 Nd4 25.Qa2 Bc8 26.b7 Rxb7 27.Ra8 Qh4 28.Bg3 Qh5 29.Nf2 Nf5 30.Bxf5 Qxf5
31.Ra7 Qc2 32.Re2 Qc1+ 33.Kh2 Rxa7 34.Qxa7 Nh6 35.Qa4 Nf5 36.Nd3 Qf1 37.Qc4 Nxg3
38.Re1 Bd4 39.Rxf1 Nxf1+ 40.Kh1 Ng3+  1/2-1/2

[Event "TCh-BEL 2014-15"]
[Site "Belgium BEL"]
[Date "2014.11.02"]
[Round "3.1"]
[White "Clery,N"]
[Black "Docx,S"]
[Result "1-0"]
[WhiteElo "2355"]
[BlackElo "2455"]

1.d4 Nf6 2.c4 e6 3.Nf3 c5 4.d5 d6 5.Nc3 exd5 6.cxd5 g6 7.Bf4 Bg7 8.Qa4+ Bd7
9.Qb3 Qc7 10.e4 O-O 11.Nd2 Nh5 12.Be3 f5 13.exf5 Bxf5 14.Be2 Nf6 15.h3 Na6
16.g4 Bd7 17.a3 Rab8 18.Bb5 Bxb5 19.Nxb5 Qf7 20.O-O-O Nc7 21.Nxd6 Qd7 22.N2e4 Kh8
23.Bxc5 b6 24.Be3 Nfxd5 25.Kb1 Nxe3 26.fxe3 Qe7 27.h4 Ne6 28.h5 Nc5 29.Qd5 Nxe4
30.hxg6 Nf6 31.Rxh7+ Nxh7 32.Rh1 Bxb2 33.Nf5  1-0

[Event "TCh-NOR Elite 2014-15"]
[Site "Norway NOR"]
[Date "2014.11.02"]
[Round "3.1"]
[White "Gullaksen,E"]
[Black "Royset,P"]
[Result "0-1"]
[WhiteElo "2349"]
[BlackElo "2243"]

1.d4 Nf6 2.c4 e6 3.Nf3 c5 4.d5 exd5 5.cxd5 d6 6.Nc3 g6 7.Bf4 Bg7 8.Qa4+ Bd7
9.Qb3 Qc7 10.e4 O-O 11.Nd2 Nh5 12.Be3 f5 13.exf5 gxf5 14.Be2 f4 15.Bxc5 f3
16.Bxf3 Nf4 17.Be3 Nd3+ 18.Ke2 Nc5 19.Qc4 b5 20.Nxb5 Bxb5 21.Qxb5 Qe7 22.Rhe1 Nbd7
23.Kf1 Qh4 24.Kg1 Ne5 25.Bxc5 dxc5 26.d6 Rab8 27.Qxc5 Rxb2 28.Rxe5 Rxd2 29.Rd5 Bd4
30.Qa5 Qxf2+ 31.Kh1 Bxa1 32.h3 Bd4 33.Kh2 Qg1+ 34.Kg3 Rxf3+  0-1

[Event "TCh-ROU 2014"]
[Site "Calimanesti-Caciulata ROU"]
[Date "2014.11.13"]
[Round "6.4"]
[White "Stegariu,V"]
[Black "Dolana,A"]
[Result "1/2-1/2"]
[WhiteElo "2262"]
[BlackElo "2245"]

1.d4 Nf6 2.c4 e6 3.Nf3 c5 4.d5 exd5 5.cxd5 d6 6.Nc3 g6 7.Bg5 h6 8.Bh4 g5
9.Bg3 Nh5 10.Qa4+ Nd7 11.e3 Nxg3 12.hxg3 Bg7 13.Qc2 O-O 14.Be2 f5 15.Nd2 Ne5
16.O-O Bd7 17.a4 Qf6 18.Bb5 a6 19.Bxd7 Nxd7 20.Nc4 Rab8 21.Qe2 b5 22.axb5 axb5
23.Ra7 bxc4  1/2-1/2

[Event "TCh-ROU w 2014"]
[Site "Calimanesti-Caciulata ROU"]
[Date "2014.11.13"]
[Round "6.2"]
[White "Javakhishvili,L"]
[Black "Jicman,L"]
[Result "1-0"]
[WhiteElo "2486"]
[BlackElo "2133"]

1.d4 Nf6 2.c4 c5 3.d5 e6 4.Nc3 exd5 5.cxd5 d6 6.Nf3 g6 7.Nd2 Bg7 8.Nc4 O-O
9.Bg5 h6 10.Bf4 Ne8 11.Qd2 Kh7 12.e3 b6 13.Nb5 Ba6 14.Ncxd6 Bxb5 15.Nxb5 a6
16.Nc3 Ra7 17.Be2 Rd7 18.Rd1 f5 19.O-O b5 20.Qc2 Nd6 21.Bf3 Qf6 22.Rc1 Rc7
23.Ne2 Rd8 24.Nd4 Rdd7 25.Nc6 Rc8 26.Qxc5 g5 27.Bxd6 Rxd6 28.g3 Nd7 29.Qa3 Ra8
30.Bg2 Nb6 31.Nd4 Nxd5 32.Nxb5 Rad8 33.Nxd6 Rxd6 34.Rfd1 Bf8 35.Qb3 Ne7 36.Rxd6 Qxd6
37.a4 Bg7 38.Rd1 Qe5 39.Qc4 a5 40.b4 axb4 41.Qxb4 Ng6 42.Qb5 Qe6 43.a5 f4
44.exf4 gxf4 45.Qd5 Qa6 46.Be4 fxg3 47.hxg3  1-0

[Event "TCh-ROU 2014"]
[Site "Calimanesti-Caciulata ROU"]
[Date "2014.11.13"]
[Round "6.3"]
[White "Secheres,Ad"]
[Black "Jianu,V"]
[Result "0-1"]
[WhiteElo "2170"]
[BlackElo "2588"]

1.d4 Nf6 2.c4 c5 3.d5 e6 4.Nc3 exd5 5.cxd5 d6 6.Nf3 g6 7.Bf4 a6 8.a4 Bg7
9.h3 O-O 10.e3 Ne8 11.Be2 Nd7 12.O-O Rb8 13.Re1 b6 14.Bf1 Ne5 15.e4 Nc7 16.Bxe5 dxe5
17.Nd2 b5 18.Nb3 Qd6 19.Qc1 Re8 20.Qe3 Bf8 21.axb5 axb5 22.Ra7 Qb6 23.Rea1 Bd7
24.R1a5 Rec8 25.g3 c4 26.Qxb6 Rxb6 27.Nd2 Rbb8 28.Nf3 f6 29.d6 Bxd6 30.Nd5 Kf7
31.h4 Ra8 32.Rxc7 Bxc7 33.Rxa8 Rxa8 34.Nxc7 Ra2 35.Nd5 Rxb2 36.Ne3 Be6 37.Ne1 Rb1
38.N1c2 b4  0-1

[Event "TCh-FIN 2014-15"]
[Site "Finland FIN"]
[Date "2014.11.15"]
[Round "5.6"]
[White "Vinke,D"]
[Black "Van De Plassche,Erik"]
[Result "0-1"]
[WhiteElo "2166"]
[BlackElo "2181"]

1.d4 Nf6 2.Nf3 c5 3.d5 d6 4.c4 e6 5.Nc3 exd5 6.cxd5 g6 7.g3 Bg7 8.Bg2 O-O
9.O-O h6 10.Nd2 Nbd7 11.a4 Qe7 12.Nc4 Ne8 13.e4 Ne5 14.Nxe5 Qxe5 15.Bf4 Qe7
16.Qd2 Kh7 17.Rfe1 g5 18.Be3 Nf6 19.f3 a6 20.Rab1 b6 21.b4 Nd7 22.bxc5 bxc5
23.Qc2 Kh8 24.Nd1 Ne5 25.Nf2 f5 26.f4 gxf4 27.gxf4 Ng6 28.e5 Qh4 29.Nh3 dxe5
30.Kh1 exf4 31.Bf2 Qg4 32.Ng1 Ne5 33.Bxc5 Rg8 34.Bd4 f3 35.Bh3 Qxd4  0-1

[Event "24th TCh-SLO 2014"]
[Site "Slovenia SLO"]
[Date "2014.11.16"]
[Round "3.1"]
[White "Kastelic,M"]
[Black "Rusjan,M"]
[Result "0-1"]
[WhiteElo "2311"]
[BlackElo "2237"]

1.d4 Nf6 2.c4 e6 3.Nf3 c5 4.d5 exd5 5.cxd5 d6 6.Nc3 g6 7.e4 Bg7 8.h3 O-O
9.Bd3 a6 10.a4 Nbd7 11.Bf4 Ne8 12.O-O b6 13.Qe2 Ne5 14.Nd2 Ra7 15.Bh2 f5
16.f4 Nxd3 17.Qxd3 fxe4 18.Ndxe4 Bf5 19.Qc4 Bxe4 20.Nxe4 Bxb2 21.Rae1 h6
22.Re2 Bd4+ 23.Kh1 Qd7 24.Nd2 Nc7 25.Rfe1 b5 26.Qd3 Qf5 27.Qxf5 gxf5 28.Nf3 Bc3
29.Rd1 b4 30.g4 Re8 31.Rg2 Kf7 32.Nh4 fxg4 33.Nf5 Re1+ 34.Rxe1 Bxe1 35.Nxd6+ Kf8
36.hxg4 Nxd5 37.f5 b3 38.Nc4 Rb7 39.Bd6+ Kg8 40.Nb2 Bb4 41.Be5 Re7 42.Nc4 Ne3
43.f6 Rxe5  0-1

[Event "TCh-BAN Premier 2014"]
[Site "Dhaka BAN"]
[Date "2014.11.18"]
[Round "7"]
[White "Rahman,Tai"]
[Black "Mchedlishvili,M"]
[Result "0-1"]
[WhiteElo "2283"]
[BlackElo "2622"]

1.d4 Nf6 2.c4 e6 3.Nf3 c5 4.d5 d6 5.Nc3 exd5 6.cxd5 g6 7.e4 Bg7 8.Bd3 Bg4
9.Qa4+ Nbd7 10.Nd2 O-O 11.h3 Ne5 12.Qc2 Bd7 13.a4 Nh5 14.Nc4 Nxc4 15.Bxc4 f5
16.O-O f4 17.Rd1 f3 18.Bf1 Qh4 19.gxf3 Be5 20.Ne2 Rxf3 21.Be3 Bxh3 22.Rd2 Qg4+
23.Kh1  0-1

[Event "1st German Masters Frauen"]
[Site "Dresden GER"]
[Date "2014.11.23"]
[Round "7.4"]
[White "Schleining,Z"]
[Black "Paehtz,E"]
[Result "0-1"]
[WhiteElo "2351"]
[BlackElo "2480"]

1.d4 e6 2.c4 Nf6 3.Nf3 c5 4.d5 exd5 5.cxd5 d6 6.Nc3 g6 7.h3 Bg7 8.e4 O-O
9.Bd3 b5 10.Nxb5 Nxe4 11.Bxe4 Re8 12.Ng5 Qa5+ 13.Nc3 Ba6 14.Qc2 f5 15.Ne6 fxe4
16.Bd2 Nc6 17.dxc6 Rxe6 18.Qb3 c4 19.Qd1 d5 20.Qg4 Rae8 21.O-O Qc5 22.Qg5 Re5
23.Qg3 d4 24.Ne2 R5e7 25.Bg5 Rf7 26.Rfe1 Qxc6 27.Rad1 Qb6 28.Bc1 Bb7 29.Qh4 Qc5
30.Ng3 Qc6 31.Re2 e3 32.fxe3 d3 33.Red2 Rxe3 34.Nf1 Re4 35.Qg3 Be5 36.Qg5 Qb6+
37.Kh1 Bf4 38.Qxb5 Re1 39.d8 Qxd8  0-1

[Event "TCh-SVK 2014-15"]
[Site "Slovakia SVK"]
[Date "2014.11.23"]
[Round "4.5"]
[White "Tropp,O"]
[Black "Havlicek,L2"]
[Result "1-0"]
[WhiteElo "2003"]
[BlackElo "2278"]

1.d4 Nf6 2.c4 e6 3.Nf3 c5 4.d5 exd5 5.cxd5 d6 6.Nc3 Be7 7.e4 O-O 8.h3 Na6
9.Bd3 Nc7 10.a4 a6 11.O-O Rb8 12.a5 Nd7 13.Bf4 b5 14.axb6 Rxb6 15.Qc2 Nb5
16.Na4 Rb7 17.Rfe1 Nb6 18.Nxb6 Rxb6 19.e5 dxe5 20.Bxh7+ Kh8 21.Bxe5 f5 22.d6 Bxd6
23.Bg6 Nd4 24.Nxd4 Bxe5 25.Rxe5 Qxd4 26.Rxc5 Be6 27.Qe2 Qh4 28.Rxa6 Rxa6
29.Qxa6 Rd8 30.Qe2 Qg5 31.Re5 Qxg6 32.Rxe6 Qf7 33.Re7 Qg6 34.Qe6  1-0

[Event "Baltic Zonal Vilnius 2014"]
[Site "Vilnius LTU"]
[Date "2014.11.24"]
[Round "9.3"]
[White "Ladva,O"]
[Black "Ezov,R"]
[Result "1-0"]
[WhiteElo "2386"]
[BlackElo "2229"]

1.d4 Nf6 2.c4 c5 3.d5 e6 4.Nc3 exd5 5.cxd5 d6 6.Nf3 g6 7.Nd2 Nbd7 8.e4 Bg7
9.Be2 O-O 10.O-O Re8 11.Re1 Ne5 12.a4 Nfg4 13.Nf1 f5 14.h3 Nh6 15.Bb5 Bd7
16.Ng3 Nef7 17.Bf4 Bxb5 18.axb5 Qh4 19.Bxh6 Nxh6 20.exf5 Bd4 21.Rxe8+ Rxe8
22.Nce2 Bxb2 23.Rxa7 gxf5 24.Rxb7 f4 25.Qb1 fxg3 26.Qxh7+ Kf8 27.Nxg3 Qf4
28.b6 Bd4 29.Kh2 Nf7 30.Qf5 Qxf5 31.Nxf5 Bxf2 32.Rc7 c4 33.b7 Ba7 34.Rxc4 Nd8
35.Rc7 Bb8 36.Rh7 Kg8 37.Rd7 Nf7 38.Ne7+ Kf8 39.Nc6 Kg7 40.Kg3 Kf6 41.Kf4 Ne5
42.Nxe5 dxe5+ 43.Ke4 Rh8 44.g4 Rxh3 45.Rd8 Ba7 46.g5+ Ke7 47.Ra8 Re3+ 48.Kf5 Kd6
49.Rxa7 Rf3+ 50.Kg4 Rf4+ 51.Kh5 Kc7 52.d6+  1-0

[Event "I Centro Goya Open 2014"]
[Site "Las Palmas ESP"]
[Date "2014.12.02"]
[Round "2.9"]
[White "Kohlweyer,B"]
[Black "Ramirez Maillo,Juan Adonay"]
[Result "1-0"]
[WhiteElo "2395"]
[BlackElo "1865"]

1.d4 Nf6 2.Nf3 c5 3.d5 e6 4.c4 exd5 5.cxd5 d6 6.Nc3 g6 7.Nd2 Bg7 8.e4 O-O
9.Be2 a6 10.a4 Re8 11.O-O Nbd7 12.f4 Rb8 13.Kh1 Rf8 14.Nc4 Ne8 15.a5 f5 16.Bf3 b5
17.axb6 Nxb6 18.Na5 Bd7 19.Re1 Nc7 20.e5 Be8 21.Be3 Kh8 22.Bf2 Nb5 23.Nxb5 Bxb5
24.Nc6 Bxc6 25.dxc6 dxe5 26.Qxd8 Rbxd8 27.fxe5 Rfe8 28.Bxc5 Nc4 29.e6 Nxb2
30.e7 Rc8 31.Ra3 Bf6 32.Bd5  1-0

[Event "ITT Millonario de Navidad 2014"]
[Site "Bogota COL"]
[Date "2014.12.06"]
[Round "5.6"]
[White "Pazos Gambarrotti,P"]
[Black "Bacallao Alonso,Y"]
[Result "1-0"]
[WhiteElo "2212"]
[BlackElo "2543"]

1.d4 Nf6 2.c4 e6 3.Nf3 c5 4.d5 exd5 5.cxd5 d6 6.Nc3 g6 7.Nd2 Nbd7 8.e4 a6
9.a4 Bg7 10.Be2 O-O 11.O-O Re8 12.Qc2 b6 13.Nc4 Ne5 14.Nxe5 Rxe5 15.f3 Re8
16.Bg5 h6 17.Be3 Ra7 18.Rfe1 Rae7 19.Bf1 Nh5 20.g4 Nf6 21.Qd2 h5 22.h3 hxg4
23.hxg4 Bxg4 24.fxg4 Nxg4 25.Bg5 Bd4+ 26.Kg2 f6 27.Bf4 g5 28.Bg3 Qc8 29.Qd3 Rh7
30.Nd1 Rh3 31.Qxa6 Qd7 32.Qb5 Qc8 33.Qc6 Rxg3+ 34.Kxg3 Be5+ 35.Kg2 Qd8 36.Be2  1-0

[Event "TCh-CZE 1 Liga Vychod"]
[Site "Prague CZE"]
[Date "2014.12.07"]
[Round "4.5"]
[White "Obsivac,J"]
[Black "Mesiarik,R"]
[Result "1-0"]
[WhiteElo "2281"]
[BlackElo "2141"]

1.d4 Nf6 2.c4 c5 3.d5 e6 4.Nc3 exd5 5.cxd5 d6 6.Nf3 g6 7.g3 Bg7 8.Bg2 O-O
9.O-O a6 10.a4 Re8 11.Bf4 Nh5 12.Bg5 Qc7 13.Qd2 Nd7 14.g4 Nhf6 15.Qf4 Rb8
16.Rfc1 h5 17.h3 hxg4 18.hxg4 Nh7 19.Bh6 Bh8 20.Ne4 Ne5 21.Nh2 b5 22.axb5 Rxb5
23.Rc2 Rb6 24.Ra3 Qe7 25.Qg3 Rb4 26.Bd2 Rc4 27.Bc3 Ng5 28.Nd2 Rxc3 29.bxc3 Nd7
30.Nc4 Ne4 31.Qf4 Ne5 32.Qxe4 Nxc4 33.Qxc4 Bd7 34.Rxa6 Qd8 35.Rxd6 Qc7 36.Rxd7 Qxd7
37.Qxc5 Be5 38.Qc6 Qe7 39.Nf3 Bd6 40.Ra2 Kg7 41.Qc4 Rb8 42.Qd4+ Kg8 43.Qd3 Bc5
44.e3 Rb3 45.Ra4 Qd6 46.g5 Qb8 47.Nd2 Rb2 48.d6 Bxd6 49.Ra8  1-0

[Event "TCh-CZE 1 Liga Vychod"]
[Site "Prague CZE"]
[Date "2014.12.07"]
[Round "4.2"]
[White "Roubalik,J"]
[Black "Klima,L"]
[Result "1/2-1/2"]
[WhiteElo "2366"]
[BlackElo "2341"]

1.d4 Nf6 2.c4 e6 3.Nf3 c5 4.d5 exd5 5.cxd5 d6 6.Nc3 g6 7.e4 Bg7 8.h3 a6 9.a4 Nbd7
10.Bf4 Qe7 11.Bd3 Nh5 12.Bg5 Bf6 13.Be3 Ne5 14.Be2 Nxf3+ 15.Bxf3 Be5 16.Qd2 Bd7
17.O-O Ng7 18.Be2 O-O 19.Bd3 f5 20.Bg5 Qf7 21.f4 Bd4+ 22.Kh2 fxe4 23.Bxe4 Nf5
24.Rae1 Bf6 25.Bxf5 gxf5 26.Bxf6 Qxf6 27.a5 Rae8  1/2-1/2

[Event "Arab Championship 2014"]
[Site "Amman JOR"]
[Date "2014.12.08"]
[Round "2.2"]
[White "Ezat,M"]
[Black "Khader,Sam"]
[Result "1/2-1/2"]
[WhiteElo "2479"]
[BlackElo "2380"]

1.d4 Nf6 2.c4 e6 3.Nf3 c5 4.d5 exd5 5.cxd5 d6 6.Nc3 g6 7.e4 Bg7 8.h3 O-O
9.Bd3 Nh5 10.O-O a6 11.a4 Nd7 12.g4 Nhf6 13.Bf4 Qe7 14.Re1 Ne8 15.Bf1 f6
16.Nd2 b6 17.Rb1 Ne5 18.Bg3 g5 19.b4 h5 20.f3 Qc7 21.Qb3 cxb4 22.Qxb4 f5
23.exf5 Nxf3+ 24.Nxf3 Bxc3 25.Qxb6 Qxb6+ 26.Rxb6 Bxe1 27.Bxe1 hxg4 28.hxg4 Ra7
29.Nxg5 Rg7 30.Bd2 Nf6 31.Rb4 a5 32.Rd4 Bxf5 33.gxf5 Nh7 34.Rg4 Rxf5 35.Bd3 Nxg5
36.Bxf5 Nf3+ 37.Kf2 Nxd2 38.Be6+ Kf8 39.Rh4 Nb3 40.Rh8+ Ke7 41.Rb8 Nc5 42.Rb5  1/2-1/2

[Event "6th Penang Open 2014"]
[Site "Penang MAS"]
[Date "2014.12.09"]
[Round "3.37"]
[White "Villanueva,N"]
[Black "Hng,Emmanuelle"]
[Result "1-0"]
[WhiteElo "2184"]
[BlackElo "1677"]

1.d4 Nf6 2.c4 c5 3.d5 e6 4.Nc3 exd5 5.cxd5 d6 6.Nf3 g6 7.Bf4 a6 8.Nd2 b5
9.a4 b4 10.Nce4 Bf5 11.Bg5 Nbd7 12.Nxf6+ Nxf6 13.e4 Bd7 14.e5 dxe5 15.Qe2 Bg7
16.Qxe5+ Qe7 17.Qxe7+ Kxe7 18.Ne4 Rhe8 19.O-O-O Bxa4 20.d6+ Kf8 21.Nxf6 Bxf6
22.Bxf6 Bxd1 23.Kxd1 Re6 24.Be7+ Ke8 25.Bc4 Re4 26.Bb3 f5 27.Re1 Rxe1+ 28.Kxe1 Kd7
29.Kd2 a5 30.Ba4+ Ke6 31.Kd3 Rb8 32.Bb3+ Kd7 33.Kc4 Ra8 34.Ba4+ Ke6 35.Kxc5 h6
36.Bb3+ Kd7 37.Kb5 Ra7 38.Bd5  1-0

[Event "Philippine Int Open 2014"]
[Site "Quezon City PHI"]
[Date "2014.12.10"]
[Round "7.6"]
[White "Pascua,H"]
[Black "Antonio,R"]
[Result "0-1"]
[WhiteElo "2404"]
[BlackElo "2503"]

1.d4 Nf6 2.c4 e6 3.Nf3 c5 4.d5 exd5 5.cxd5 d6 6.Nc3 g6 7.e4 a6 8.a4 Bg4 9.Be2 Bxf3
10.Bxf3 Nbd7 11.O-O Bg7 12.Bf4 Qe7 13.Qd2 O-O 14.Bh6 Bxh6 15.Qxh6 Rab8 16.Rfb1 Qe5
17.Qd2 Rfc8 18.b3 b5 19.axb5 axb5 20.Ra5 b4 21.Nb5 Ra8 22.Qa2 Nb6 23.Rd1 Kg7
24.Ra6 Nfd7 25.Na7 Re8 26.Rc1 Qf4 27.Ra1 Qf6 28.Qb1 c4 29.bxc4 b3 30.c5 Nxc5
31.Rxb6 Re7 32.Rxd6 Qc3 33.Qe1 Qxe1+ 34.Rxe1 Rexa7 35.Rb6 Ra1 36.Kf1 b2 37.Rd1 Na4
38.Rb7 Nc3  0-1

[Event "2nd Gligoric Cup 2014"]
[Site "Kragujevac SRB"]
[Date "2014.12.11"]
[Round "6.1"]
[White "Stamenkovic,A"]
[Black "Ivanisevic,I"]
[Result "0-1"]
[WhiteElo "2310"]
[BlackElo "2622"]

1.d4 Nf6 2.Nf3 e6 3.c4 c5 4.d5 d6 5.Nc3 exd5 6.cxd5 g6 7.g3 Bg7 8.Bg2 O-O
9.O-O Nbd7 10.Nd2 Nh5 11.Nce4 Ndf6 12.Nxf6+ Nxf6 13.a4 b6 14.Re1 Re8 15.e4 Ba6
16.Bf1 Bxf1 17.Kxf1 a6 18.Ra2 Qc8 19.Kg2 c4 20.Qc2 Nxd5 21.Nxc4 Nb4 22.Qb3 Nxa2
23.Qxa2 Qe6 24.b3 d5 25.Nd2 dxe4 26.Rh1  0-1

[Event "6th Penang Open 2014"]
[Site "Penang MAS"]
[Date "2014.12.11"]
[Round "7.8"]
[White "Praveen Kumar,C1"]
[Black "Tin,Jingyao"]
[Result "1/2-1/2"]
[WhiteElo "2251"]
[BlackElo "2355"]

1.d4 Nf6 2.c4 c5 3.d5 e6 4.Nc3 exd5 5.cxd5 d6 6.Nf3 g6 7.g3 Bg7 8.Bg2 O-O
9.O-O Re8 10.Nd2 a6 11.a4 Nbd7 12.h3 Nh5 13.Nc4 Ne5 14.Nxe5 Bxe5 15.e4 Rb8
16.Be3 b5 17.axb5 axb5 18.Qd2 b4 19.Ne2 Bg7 20.g4 Nf6 21.Ng3 Bb7 22.g5 Nd7
23.f4 Nb6 24.e5 dxe5 25.f5 Nxd5 26.Bxc5 Nf4 27.Qxd8 Rexd8 28.Bxb7 Rxb7 29.h4 f6
30.Ra6 fxg5 31.hxg5 Bf8 32.Bxf8 Rxf8 33.fxg6 hxg6 34.Ne4 Nh3+ 35.Kg2 Rxf1
36.Kxf1 Kg7 37.Ra5 Rf7+ 38.Kg2 Nf4+ 39.Kh2 Nd3 40.b3 Rf4 41.Nf6 Kf7 42.Ra6 Nc5
43.Rb6 Rd4 44.Kh3 Rd3+ 45.Kh4 Rxb3 46.Ng4 Nd3 47.Nh6+ Ke8 48.Rxg6 Nf4 49.Rb6 Rb1
50.Nf5 b3 51.Nd6+ Kd7 52.Nc4 Kc7 53.Rb5 Kc6 54.Rxb3 Rxb3 55.Na5+ Kd5 56.Nxb3 e4
57.Kg3 e3 58.Kf3 e2 59.Kf2  1/2-1/2

[Event "Philippine Int Open 2014"]
[Site "Quezon City PHI"]
[Date "2014.12.12"]
[Round "10.6"]
[White "Sadorra,J"]
[Black "Antonio,R"]
[Result "1/2-1/2"]
[WhiteElo "2575"]
[BlackElo "2503"]

1.d4 Nf6 2.c4 e6 3.Nc3 c5 4.d5 exd5 5.cxd5 d6 6.Nf3 g6 7.Qa4+ Nbd7 8.e4 Bg7
9.Bf4 O-O 10.Bd3 Nh5 11.Bg5 Bf6 12.Bh6 Bg7 13.Bg5 Bf6 14.Bh6 Bg7 15.Bg5  1/2-1/2

[Event "Norberto La Porta Cup"]
[Site "Buenos Aires ARG"]
[Date "2014.12.14"]
[Round "2.2"]
[White "Mareco,S"]
[Black "Ciurlanti,F"]
[Result "1-0"]
[WhiteElo "2565"]
[BlackElo "2114"]

1.d4 Nf6 2.c4 c5 3.d5 e6 4.Nc3 exd5 5.cxd5 d6 6.Nf3 g6 7.Bf4 Nh5 8.Bg5 f6
9.Bd2 Be7 10.e4 a6 11.a4 O-O 12.h3 Ng7 13.Be2 f5 14.e5 dxe5 15.Nxe5 Nd7 16.Nc4 Bg5
17.O-O Rb8 18.a5 Bxd2 19.Qxd2 f4 20.Rae1 f3 21.Bxf3 Rxf3 22.gxf3 Qh4 23.Re4 Qxh3
24.Qf4 Nf5 25.Rfe1 Ra8 26.Re8+ Kg7 27.R1e7+ Nxe7 28.Rxe7+ Kh8 29.Qf7  1-0

[Event "ch-IRI Women 2014"]
[Site "Tehran IRI"]
[Date "2014.12.14"]
[Round "9.6"]
[White "Zahedifar,Anahita"]
[Black "Karimi,Yeganeh"]
[Result "1-0"]
[WhiteElo "1952"]
[BlackElo "1856"]

1.d4 Nf6 2.c4 e6 3.Nc3 c5 4.d5 exd5 5.cxd5 d6 6.Nf3 g6 7.Bf4 a6 8.Nd2 b5
9.a4 b4 10.Nce4 Nxd5 11.Bg3 Bf5 12.e3 Nc7 13.Qf3 Be7 14.Nxc5 O-O 15.Nb7 Qd7
16.Nc4 Bg4 17.Qf4 Nd5 18.Qd4 Qxb7 19.Qxg4 Nf6 20.Qf3 d5 21.Bh4 Nbd7 22.Be2 Rab8
23.Nd2 b3 24.Bg3 Rbc8 25.O-O Rc2 26.Nxb3 Qxb3 27.Bd1 Rfc8 28.Rc1 Qxb2 29.Bxc2 Rxc2
30.Rb1 Qc3 31.Qd1 Bb4 32.Rxb4 Rd2 33.Rb3 Qa5 34.Qc1 Qxa4 35.Ra3 Qc2 36.Qxc2 Rxc2
37.Rxa6 Ne4 38.Ra8+ Kg7 39.Ra7 Nxg3 40.hxg3 Nf6 41.Raa1 Ne4 42.Rac1 Ra2 43.Rcd1 Nc3
44.Rd3 Rc2 45.f3 f5 46.Ra1 Kf6 47.Ra3 Ne2+ 48.Kh2 d4 49.f4 dxe3 50.Rxe3 Nd4
51.Red3 Ne2 52.Ra6+ Ke7 53.Re3+ Kd7 54.Ra7+ Kd6 55.Rxh7 Nc3 56.Rd3+ Kc6 57.Rg7 Ne4
58.Rxg6+ Kc5 59.Rd1 Ra2 60.Rg8 Nf2 61.Rc8+ Kb6 62.Rb1+ Ka7 63.Rcc1 Nd3 64.Rd1 Nf2
65.Ra1 Rxa1 66.Rxa1+ Kb6 67.Re1 Kc6 68.Kg1 Ng4 69.Re8 Kd5 70.Kf1 Kd4 71.Ke2 Nf6
72.Rd8+ Ke4 73.Rf8 Ng4 74.Rg8 Nf6 75.Kf2 Kd4 76.Rd8+ Ke4 77.Rf8 Ng4+ 78.Ke2 Nh6
79.Re8+ Kd4 80.Re5 Kc4 81.Kf3 Kd4 82.Re6 Ng4 83.Rg6 Nh2+ 84.Ke2 Kd5 85.Kd3 Nf1
86.Rg5 Ke6 87.Ke2 Nh2 88.Rh5 Ng4 89.Rh4 Kd5 90.Rxg4 fxg4 91.Kd3 Ke6 92.Ke4 Kf6
93.f5 Kg5 94.Ke5 Kh6 95.f6 Kg6 96.Ke6  1-0

[Event "Norberto La Porta Cup"]
[Site "Buenos Aires ARG"]
[Date "2014.12.15"]
[Round "3.9"]
[White "Mahia,G"]
[Black "Tomas Falcon,Jesus"]
[Result "1-0"]
[WhiteElo "2375"]
[BlackElo "2112"]

1.d4 Nf6 2.Nf3 c5 3.d5 e6 4.c4 exd5 5.cxd5 d6 6.Nc3 g6 7.g3 Bg7 8.Bg2 O-O
9.O-O a6 10.a4 Re8 11.h3 Nbd7 12.Nd2 Rb8 13.Nc4 Ne5 14.Na3 Nh5 15.Kh2 f5
16.f4 b5 17.axb5 axb5 18.Naxb5 Rb6 19.fxe5 Bxe5 20.Bf4 Bxf4 21.gxf4 Ba6 22.Rxa6 Rxa6
23.Qd2 Qh4 24.Nc7 Qg3+ 25.Kg1 Ra1 26.Rxa1 Nxf4 27.e4 Nxh3+ 28.Kf1 Rf8 29.Ne6 Rb8
30.exf5 Qh2 31.Qe3  1-0

[Event "PSC / Puregold Open 2014"]
[Site "Quezon City PHI"]
[Date "2014.12.15"]
[Round "3.3"]
[White "Pascua,H"]
[Black "Grigoryan,Av"]
[Result "1/2-1/2"]
[WhiteElo "2404"]
[BlackElo "2580"]

1.d4 e6 2.c4 Nf6 3.Nf3 c5 4.d5 exd5 5.cxd5 d6 6.Nc3 g6 7.Nd2 Bg7 8.g3 Nbd7
9.Bg2 O-O 10.O-O Re8 11.h3 Nh5 12.Nb5 Nb6 13.e4 a6 14.Nc3 Nd7 15.Nc4 Ne5
16.Ne3 b5 17.a4 Rb8 18.axb5 axb5 19.Nf5 gxf5 20.Qxh5 Qf6 21.exf5 Qxf5 22.Qe2 Qd3
23.Qh5 Qg6 24.Qxg6 hxg6 25.Ne4 Nc4 26.Bf4 Bxh3 27.Nxd6 Nxd6 28.Bxh3 Rbd8
29.Ra6 Nf5 30.Bxf5 gxf5 31.d6 Bd4 32.Be3 Bxe3 33.fxe3 Re5 34.Rd1 Kg7 35.Kf2 Rd7
36.b3 Kf6 37.Rc6  1/2-1/2